Autonomy Over Anatomy: (Record no. 180597)
[ view plain ]
| 000 -LEADER | |
|---|---|
| fixed length control field | 00670nam a22001937a 4500 |
| 005 - DATE AND TIME OF LATEST TRANSACTION | |
| control field | 20220221125337.0 |
| 010 ## - LCCN (DPL NO) | |
| LC control number | ENG-129838 |
| 020 ## - INTERNATIONAL STANDARD BOOK NUMBER | |
| Terms of availability | 995.00 |
| International Standard Book Number | 978-81-7658-098-4 |
| 035 ## - SYSTEM CONTROL NUMBER | |
| System control number | EN-113370 |
| 037 ## - SOURCE OF ACQUISITION | |
| Source of stock number/acquisition | DBAD/PUB |
| 082 ## - DEWEY DECIMAL CLASSIFICATION NUMBER | |
| Classification number | 323.3409542 |
| 100 ## - MAIN ENTRY--PERSONAL NAME | |
| Personal name | Chandhok, Gunjan |
| 245 ## - TITLE STATEMENT | |
| Title | Autonomy Over Anatomy: |
| Remainder of title | Reproductive and Sexual Health Rights/ |
| Statement of responsibility, etc | Gunjan Chandhok |
| 250 ## - EDITION STATEMENT | |
| Edition statement | 2020 |
| 260 ## - PUBLICATION, DISTRIBUTION, ETC. (IMPRINT) | |
| Name of publisher, distributor, etc | Uppal Publishing House |
| Date of publication, distribution, etc | 2020 |
| Place of publication, distribution, etc | New Delhi |
| 270 ## - ADDRESS | |
| Address | 23 Ansari Road ,Darya ganj |
| City | New Delhi |
| Postal code | 110002 |
| Telephone number | 011-23273756 |
| Electronic mail address | uppalbooks@gmail.com |
| 300 ## - PHYSICAL DESCRIPTION | |
| Extent | 209 p. |
| Dimensions | 22cm (hbk) |
| Other physical details | Bibiliography, Index, References |
| 942 ## - ADDED ENTRY ELEMENTS (KOHA) | |
| Source of classification or shelving scheme | Dewey Decimal Classification |
| Item type | English Books |
| Classification part | 323.3409542 |
| Call number suffix | CHA |
| Withdrawn status | Lost status | Not for loan | Collection code | Home library | Current library | Date acquired | Source of acquisition | Cost, normal purchase price | Full call number | Barcode | Copy number | Cost, replacement price | Koha item type |
|---|---|---|---|---|---|---|---|---|---|---|---|---|---|
| Non-fiction | Ashok Vihar | Ashok Vihar | 12/08/2021 | DBAD/PUB | 995.00 | 323.3409542 CHA | EN-113370 | 1 | 995.00 | English Books |
